000 00884nam a2200253Ia 4500
003 OSt
005 20220923211014.0
006 a|||||r|||| 00| 0
007 ta
008 220922b |||||||| |||| 00| 0 hin d
020 _a8170553342 (hbk)
_c200
024 _a234,371
037 _b481, 21/03/2008, Vani Prakashan
_cTextual
040 _aARTS
_cARTS
_bhin
041 _2hin
_ahin
082 _aP152, P7
100 _aसुवास कुमार
_9156290
245 0 _aहिन्दी
_b विविध व्यवहारों की भाषा
246 _aHindī: vividh vyavahāroan kī bhāṣhā
260 _aनयी दिल्ली
_b वाणी प्रकाशन
_c2007
300 _a180पृ.
_ccm.
942 _hP152, P7
_cTEXL
_2CC
999 _c293810
_d293810